Komputer dan pengangkutan

Bibliographic Details
Main Author: IBRAHIM Wahab
Format: Book
Published: Kuala Lumpur : DBP , 1991
Subjects:

MARC

LEADER 00000cam a2200000 7i4500
001 0000000514
005 20000825.0
020 0 0 |a 9836219684 
090 0 0 |a 004.6   |b IBR 1991 
100 0 0 |a IBRAHIM Wahab 
245 1 0 |a Komputer dan pengangkutan   |c Ibrahim Wahab 
260 0 0 |a Kuala Lumpur :   |b DBP ,   |c 1991 
300 |a xiii, 260 p. ;   |c 22 cm. 
500 0 0 |a Bibliography: [p. 247-250] and index 
650 0 0 |a Transportation   |x Data processing 
999 |a 0000000322   |b Monograph   |c Open Shelf   |e Default branch